书目信息 |
| 题名: |
形而上学批判
|
|
| 作者: | 陈彦 , 王燕 著 | |
| 分册: | ||
| 出版信息: | 长春 吉林人民出版社 1980.2 |
|
| 页数: | 95页 | |
| 开本: | 19cm | |
| 丛书名: | ||
| 单 册: | ||
| 中图分类: | B081.1 | |
| 科图分类: | ||
| 主题词: | 哲学学派 , 哲学学派--研究 | |
| 电子资源: | ||
| ISBN: | ||
| 000 | 00556nam0 2200217 45 | |
| 001 | 0306250972 | |
| 005 | 20060524160601.89 | |
| 010 | @dCNY0.23 | |
| 091 | @a3091.454 | |
| 100 | @a20030625d1980 km y0chiy0120 ea | |
| 101 | 0 | @achi |
| 200 | 1 | @a形而上学批判@AXing Er Shang Xue Pi Pan@f陈彦,王燕著@FChen Yan,Wang YanZhu |
| 210 | @a长春@c吉林人民出版社@d1980.2 | |
| 215 | @a95页@d19cm | |
| 606 | 0 | @a哲学学派 |
| 606 | 0 | @a哲学学派@x研究 |
| 690 | @aB081.1@v3 | |
| 701 | 0 | @a陈彦@4著 |
| 701 | 0 | @a王燕@4著 |
| 801 | @aCN@bTSTC@c20060524 | |
| 905 | @dB081.1@e4 | |
| 形而上学批判/陈彦,王燕著.-长春:吉林人民出版社,1980.2 |
| 95页;19cm |
| ISBN :CNY0.23 |
| ● |
| 相关链接 |
|
|
|
|
正题名:形而上学批判
索取号:B081.1/4
 
预约/预借
| 序号 | 登录号 | 条形码 | 馆藏地/架位号 | 状态 | 备注 |
| 1 | 0063296 | 202386015 | 密集书库/ [索取号:B081.1/4] | 在馆 | |
| 2 | 0063297 | 001823977 | 密集书库/ [索取号:B081.1/4] | 在馆 | |
| 3 | 0063298 | 001824002 | 密集书库/ [索取号:B081.1/4] | 在馆 | |
| 4 | 0063299 | 001726804 | 密集书库/ [索取号:B081.1/4] | 在馆 | |
| 5 | 0063300 | 001726886 | 密集书库/ [索取号:B081.1/4] | 在馆 | |
| 6 | 0063301 | 001727000 | 密集书库/ [索取号:B081.1/4] | 在馆 | |
| 7 | 0063302 | 001727046 | 密集书库/ [索取号:B081.1/4] | 在馆 | |
| 8 | 0063303 | 001727082 | 密集书库/ [索取号:B081.1/4] | 在馆 | |
| 9 | 0063304 | 001726699 | 密集书库/ [索取号:B081.1/4] | 在馆 | |
| 10 | 0063305 | 001726733 | 密集书库/ [索取号:B081.1/4] | 在馆 |